000 00343nam a2200121Ia 4500
008 191108s9999 xx 000 0 und d
020 _a9.7897127082e+012
100 _aGonzales, Gene
245 _cGene Gonzales .--
_aThe little inihaw book /
260 _aPasig City:
_bAnvil
_c1999
300 _ax, 38 pages:
650 _aCooking-- Philippines
999 _c362537
_d362537